[Event "Mitropa Cup 16th"]
[Site "Buekfuerdo"]
[Date "1995.??.??"]
[Round "7"]
[White "Mohr, Georg"]
[Black "Godena, Michele"]
[Result "1/2-1/2"]
[WhiteElo "2430"]
[BlackElo "2430"]
[PlyCount "168"]
[EventDate "1995.02.??"]
[EventType "team-tourn"]
[EventRounds "9"]
[EventCountry "HUN"]
[Source "ChessBase"]
[SourceDate "1995.07.01"]

1. e4 c5 2. Nf3 Nc6 3. Bb5 d6 4. O-O Bd7 5. c3 Nf6 6. Re1 a6 7. Ba4 c4 8. Bc2
e5 9. a4 Be7 10. Na3 Be6 11. b3 cxb3 12. Bxb3 Bg4 13. Nc2 O-O 14. Ne3 Be6 15.
d3 Na5 16. Ba2 b5 17. Bd2 h6 18. h3 Qd7 19. Nd5 Nxd5 20. Bxd5 Bxd5 21. exd5 Nb7
22. Be3 Rfc8 23. axb5 axb5 24. Rxa8 Rxa8 25. Qb3 Rc8 26. Rb1 Nc5 27. Bxc5 Rxc5
28. d4 exd4 29. Nxd4 Bf6 30. Nxb5 Qf5 31. Nxd6 Qxd5 32. Qxd5 Rxd5 33. Ne4 Be5
34. g4 g6 35. Rc1 Rd3 36. Kg2 f5 37. gxf5 gxf5 38. Ng3 f4 39. Ne4 Kf7 40. f3
Rd7 41. Kf2 Rd3 42. Rc2 Ke7 43. Kg2 Re3 44. c4 Ra3 45. Rd2 Ra1 46. h4 Rc1 47.
Rd5 Bf6 48. Rd6 Rc2+ 49. Kh3 Rxc4 50. Ra6 Bg7 51. Kg4 Rc1 52. Kxf4 Rh1 53. Kg4
Rg1+ 54. Kf5 Rh1 55. Re6+ Kf7 56. Nd6+ Kg8 57. Kg6 Rg1+ 58. Kh5 Rf1 59. Nf5
Rxf3 60. Kg6 Bf8 61. Re8 h5 62. Nh6+ Kh8 63. Nf7+ Kg8 64. Ng5 Rf1 65. Ra8 Re1
66. Rc8 Re2 67. Kxh5 Kg7 68. Rc6 Be7 69. Rg6+ Kf8 70. Nf3 Re3 71. Kg4 Bxh4 72.
Nxh4 Kf7 73. Ra6 Re6 74. Ra5 Kf6 75. Ng2 Re5 76. Ra4 Rg5+ 77. Kf3 Rb5 78. Ne3
Ke5 79. Rh4 Rb1 80. Rh5+ Kd6 81. Ke4 Rb4+ 82. Kd3 Rb8 83. Kd4 Rb4+ 84. Nc4+ Ke6
1/2-1/2

[Event "Mitropa Cup 16th"]
[Site "Buekfuerdo"]
[Date "1995.??.??"]
[Round "7"]
[White "Robatsch, Karl"]
[Black "Ekstroem, Roland"]
[Result "1/2-1/2"]
[WhiteElo "2410"]
[BlackElo "2430"]
[PlyCount "98"]
[EventDate "1995.02.??"]
[EventType "team-tourn"]
[EventRounds "9"]
[EventCountry "HUN"]
[Source "ChessBase"]
[SourceDate "1995.07.01"]

1. Nf3 c5 2. c4 Nf6 3. d4 cxd4 4. Nxd4 e5 5. Nc2 d5 6. cxd5 Qxd5 7. Bd2 Bc5 8.
Nc3 Qc6 9. e4 O-O 10. Bd3 Bg4 11. f3 Be6 12. Qe2 a6 13. Be3 Nbd7 14. O-O Rfd8
15. Rac1 Rac8 16. Rfd1 Qb6 17. Na4 Bxe3+ 18. Nxe3 Qa7 19. Rxc8 Rxc8 20. Nc3 h6
21. Kh1 Qc5 22. Bc2 Qb4 23. Bb1 Nb6 24. a3 Qc5 25. Ba2 Bxa2 26. Nxa2 g6 27. Nc3
Kg7 28. g3 h5 29. Kg2 Rc7 30. Rd3 Rd7 31. Rxd7 Nfxd7 32. Ncd5 Nxd5 33. Nxd5 Qd4
34. Qc2 Nc5 35. Qc3 Na4 36. Qxd4 exd4 37. b4 Nc3 38. Nf4 b5 39. Kf2 Nb1 40. Ke2
Nxa3 41. Kd3 Nc4 42. Kxd4 a5 43. bxa5 Nxa5 44. Nd3 Nc4 45. Ne1 g5 46. h3 Nd2
47. Ke3 Nf1+ 48. Kf2 Nd2 49. Ke3 Nf1+ 1/2-1/2

[Event "Mitropa Cup 16th"]
[Site "Buekfuerdo"]
[Date "1995.??.??"]
[Round "7"]
[White "Schmittdiel, Eckhard"]
[Black "Jukic, Branimir"]
[Result "1-0"]
[WhiteElo "2485"]
[BlackElo "2415"]
[PlyCount "71"]
[EventDate "1995.02.??"]
[EventType "team-tourn"]
[EventRounds "9"]
[EventCountry "HUN"]
[Source "ChessBase"]
[SourceDate "1995.07.01"]

1. e4 e5 2. Nf3 Nc6 3. d4 exd4 4. Nxd4 Bc5 5. Be3 Qf6 6. c3 Nge7 7. Bc4 b6 8.
O-O Bb7 9. Qd2 O-O-O 10. b4 Bxd4 11. cxd4 Qg6 12. Bd3 f5 13. f3 Qd6 14. d5 Nxb4
15. Be2 fxe4 16. fxe4 Nexd5 17. exd5 Qxd5 18. Qxd5 Nxd5 19. Bd4 c5 20. Bxg7
Rhg8 21. Rf7 Ne3 22. Nc3 Nxg2 23. Bd3 Nf4 24. Bxh7 Nh3+ 25. Kf1 Rge8 26. Nb5
Ng5 27. Nd6+ Kc7 28. Nxe8+ Rxe8 29. Rf5 Nxh7 30. Re1 Rg8 31. Re7 Kc8 32. h4
Ba6+ 33. Kf2 Bc4 34. Be5 Bd3 35. Rff7 Bg6 36. Rxh7 1-0

[Event "Mitropa Cup 16th"]
[Site "Buekfuerdo"]
[Date "1995.??.??"]
[Round "7"]
[White "Sermek, Drazen"]
[Black "Arlandi, Ennio"]
[Result "1/2-1/2"]
[WhiteElo "2515"]
[BlackElo "2440"]
[PlyCount "45"]
[EventDate "1995.02.??"]
[EventType "team-tourn"]
[EventRounds "9"]
[EventCountry "HUN"]
[Source "ChessBase"]
[SourceDate "1995.07.01"]

1. e4 e5 2. Nf3 Nf6 3. Nxe5 d6 4. Nf3 Nxe4 5. Qe2 Qe7 6. d3 Nf6 7. Bg5 Qxe2+ 8.
Bxe2 Be7 9. Nc3 c6 10. O-O-O Na6 11. Rhe1 Nc7 12. Nd4 Ne6 13. Nxe6 Bxe6 14. f4
Kd7 15. Bf3 h6 16. Bh4 Rae8 17. Bf2 b6 18. h3 h5 19. Re2 h4 20. Rde1 g6 21. Kd1
Nh5 22. Re4 Bd8 23. Bd4 1/2-1/2

[Event "Mitropa Cup 16th"]
[Site "Buekfuerdo"]
[Date "1995.??.??"]
[Round "7"]
[White "Tatai, Stefano"]
[Black "Gostisa, Leon"]
[Result "1/2-1/2"]
[WhiteElo "2430"]
[BlackElo "2420"]
[Annotator "Ribli"]
[PlyCount "77"]
[EventDate "1995.02.??"]
[EventType "team-tourn"]
[EventRounds "9"]
[EventCountry "HUN"]
[Source "ChessBase"]
[SourceDate "1995.07.01"]

1. e4 c5 2. Nf3 e6 3. d4 cxd4 4. Nxd4 Nc6 5. Nc3 Qc7 6. g3 a6 7. Bg2 Nf6 8. O-O
Bc5 9. Bf4 Ne5 10. Na4 Ba7 $5 {Das ist offenbar eine Neuerung.} (10... Be7 11.
c4 d6 12. Rc1 b6 13. b4 $14 {Browne,W-Langeweg,K/Wijk aan Zee/1974/INF17,401/})
11. c4 d6 12. Rc1 Ng6 13. Be3 O-O 14. c5 {In Frage kommt 14.b4!? mit der Idee 
(/\) c5 oder b5.} dxc5 15. Nxc5 Qe7 (15... Bxc5 16. b4 $16) 16. b4 Rd8 $1 17.
Qe2 (17. Qc2 $2 Ng4 $1 $15) 17... Nd7 $5 {Schwarz will den aktiven weissen
Figuren abtauschen.} 18. Ndb3 Nxc5 19. Nxc5 Bd7 $1 {Gostisa findet eine
raffinierte Moeglichkeit, seinen Laeufer zu aktivieren.} 20. Qb2 (20. Nxb7 $2
Bb5 $19) 20... Bc6 {Der Anziehende hat nur einen unbedeutenden Vorteil.} 21. h4
{Droht (/\) 22.h5,h6} h6 22. Rfd1 Nf8 (22... Rxd1+ $5 23. Rxd1 Rd8 24. Rxd8+
Qxd8 25. Bd4 Bxc5 26. bxc5 f6 $10) 23. Rxd8 Qxd8 (23... Rxd8 24. Nxa6 Bxe3 25.
fxe3 $14) 24. Bd4 (24. Nxa6 $2 Bxe3 25. fxe3 Rxa6 26. b5 Rb6 $19) 24... Bxc5 $5
{Schwarz tauscht den aktiven weissen Springer.} 25. Rxc5 f6 26. Rc2 e5 {
Schwarz begrenzt die Kraft des Laeuferpaars.} 27. Be3 Qd1+ 28. Kh2 Rd8 $1 {
Schwarz erobert mit seinen Schwerfiguren die d-Linie.} 29. Rc1 Qd3 30. Bb6 Re8
31. Rc3 Qb5 32. Qb3+ (32. Be3 $5) 32... Ne6 33. Be3 Qa4 $1 34. Qxa4 Bxa4 35.
Bb6 Bc6 36. Rd3 Re7 37. f3 Rd7 38. Rxd7 Bxd7 39. Bh3 {Schwarz hat sich sehr
gut verteidigt.  Ribli} 1/2-1/2

[Event "Mitropa Cup 16th"]
[Site "Buekfuerdo"]
[Date "1995.??.??"]
[Round "7"]
[White "Timoscenko, Gennadij"]
[Black "Almasi, Zoltan"]
[Result "1/2-1/2"]
[WhiteElo "2520"]
[BlackElo "2590"]
[PlyCount "79"]
[EventDate "1995.02.??"]
[EventType "team-tourn"]
[EventRounds "9"]
[EventCountry "HUN"]
[Source "ChessBase"]
[SourceDate "1995.07.01"]

1. d4 Nf6 2. c4 e6 3. Nc3 Bb4 4. Qc2 O-O 5. a3 Bxc3+ 6. Qxc3 b6 7. Bg5 Bb7 8.
f3 h6 9. Bh4 d5 10. e3 Nbd7 11. Rc1 c5 12. cxd5 Rc8 13. Ne2 Nxd5 14. Bxd8 Nxc3
15. Nxc3 cxd4 16. Be7 dxc3 17. Rxc3 Rxc3 18. bxc3 Re8 19. Bd6 Rc8 20. Kd2 Nf6
21. Be5 Rd8+ 22. Kc1 Rd5 23. Bxf6 gxf6 24. e4 Ra5 25. Kb2 f5 26. exf5 Rxf5 27.
Be2 Re5 28. Bd1 Ba6 29. f4 Rb5+ 30. Kc1 Rc5 31. Kb2 Bb7 32. Re1 Rd5 33. Kc1 Ra5
34. Kb2 Rd5 35. Kc1 Ra5 36. Kb2 Kg7 37. g3 Kf6 38. Bc2 Rh5 39. Re2 Rb5+ 40. Kc1
1/2-1/2

[Event "Mitropa Cup 16th"]
[Site "Buekfuerdo"]
[Date "1995.??.??"]
[Round "7"]
[White "Varga, Zoltan"]
[Black "Tibensky, Robert"]
[Result "1-0"]
[WhiteElo "2460"]
[BlackElo "2425"]
[PlyCount "119"]
[EventDate "1995.02.??"]
[EventType "team-tourn"]
[EventRounds "9"]
[EventCountry "HUN"]
[Source "ChessBase"]
[SourceDate "1995.07.01"]

1. d4 e6 2. Nf3 f5 3. h3 Nf6 4. g4 d5 5. Rg1 Ne4 6. c3 Nc6 7. gxf5 exf5 8. Bf4
Be6 9. e3 Bd6 10. Rxg7 Qf6 11. Rxc7 Bxc7 12. Bxc7 Qe7 13. Bf4 Rg8 14. Nbd2 Bf7
15. Qa4 Qf6 16. Ne5 Rg1 17. Ndf3 Rh1 18. Nxc6 Qxc6 19. Qxc6+ bxc6 20. Ne5 Ke7
21. f3 Nf6 22. Nxc6+ Ke6 23. Kf2 Rg8 24. c4 Rhg1 25. Re1 a6 26. Nb4 Ke7 27.
Nc6+ Ke6 28. Ne5 Be8 29. b3 a5 30. Nd3 R1g7 31. Be5 dxc4 32. Nf4+ Ke7 33. Bxc4
Bf7 34. Bxf7 Rxf7 35. Rc1 Nd7 36. Rc6 Ra8 37. Nd5+ Kd8 38. Bc7+ Ke8 39. Bxa5
Kf8 40. Bb4+ Kg7 41. a4 Rh8 42. Rc3 Nf6 43. Nxf6 Rxf6 44. Bc5 Rh6 45. a5 Rxh3
46. Bd6 Ra8 47. b4 Kf6 48. Rc6 Ke6 49. Bf4+ Kd5 50. Rc5+ Ke6 51. d5+ Ke7 52.
Rc7+ Kf6 53. Rc6+ Ke7 54. a6 Rh1 55. Be5 Rd1 56. e4 fxe4 57. fxe4 Rf8+ 58. Ke2
Rff1 59. Bc3 Rb1 60. a7 1-0

[Event "Mitropa Cup 16th"]
[Site "Buekfuerdo"]
[Date "1995.??.??"]
[Round "7"]
[White "Zelcic, Robert"]
[Black "Hoffmann, Michael"]
[Result "1-0"]
[WhiteElo "2500"]
[BlackElo "2475"]
[PlyCount "89"]
[EventDate "1995.02.??"]
[EventType "team-tourn"]
[EventRounds "9"]
[EventCountry "HUN"]
[Source "ChessBase"]
[SourceDate "1995.07.01"]

1. e4 c5 2. Nf3 d6 3. d4 cxd4 4. Nxd4 Nf6 5. Nc3 a6 6. a4 e6 7. Be2 Be7 8. O-O
O-O 9. f4 Qc7 10. Kh1 Nc6 11. Be3 Re8 12. Bf3 Bd7 13. Nb3 b6 14. Qe2 Bc8 15. a5
Nd7 16. e5 dxe5 17. fxe5 Rb8 18. Bxc6 Qxc6 19. Rxf7 Kxf7 20. Qh5+ Kf8 21. Rf1+
Nf6 22. exf6 Bxf6 23. Qxh7 Ke7 24. Bg5 Bxg5 25. Qxg7+ Kd8 26. Rd1+ Bd7 27.
Qxg5+ Kc8 28. Qe5 Qc7 29. Qe2 bxa5 30. Qxa6+ Qb7 31. Qxb7+ Rxb7 32. Ne4 a4 33.
Nd6+ Kc7 34. Nxb7 axb3 35. cxb3 Bc6 36. Nc5 Bd5 37. Kg1 Ra8 38. g3 Kc6 39. b4
Kb5 40. Re1 Kxb4 41. Nd3+ Kb3 42. Nf4 Ra6 43. h4 Kxb2 44. h5 Bc4 45. Kg2 1-0

[Event "Mitropa Cup 16th"]
[Site "Buekfuerdo"]
[Date "1995.??.??"]
[Round "8"]
[White "Belotti, Bruno"]
[Black "Costa, Jean Luc"]
[Result "0-1"]
[WhiteElo "2405"]
[BlackElo "2425"]
[PlyCount "80"]
[EventDate "1995.02.??"]
[EventType "team-tourn"]
[EventRounds "9"]
[EventCountry "HUN"]
[Source "ChessBase"]
[SourceDate "1995.07.01"]

1. e4 e5 2. Nf3 Nc6 3. Bb5 a6 4. Ba4 d6 5. c3 Bd7 6. d4 Nge7 7. d5 Nb8 8. c4
Ng6 9. Nc3 Be7 10. O-O O-O 11. Bxd7 Nxd7 12. b4 a5 13. bxa5 c6 14. Be3 Qxa5 15.
Qc2 Nf4 16. Rfe1 Nc5 17. Bxc5 Qxc5 18. g3 Nh5 19. Qe2 Nf6 20. Rec1 Nd7 21. Rc2
Bd8 22. Nd1 Qa7 23. Nb2 Bb6 24. Nd3 Nc5 25. Nxc5 Bxc5 26. Rf1 Rfc8 27. Kg2 Qa6
28. Rb1 g6 29. h4 cxd5 30. cxd5 Qxe2 31. Rxe2 Ra7 32. Reb2 Rca8 33. Rxb7 Rxb7
34. Rxb7 Rxa2 35. g4 h6 36. h5 g5 37. Rb1 Bxf2 38. Rf1 Be3+ 39. Kh1 Bf4 40. Re1
Rf2 0-1

[Event "Mitropa Cup 16th"]
[Site "Buekfuerdo"]
[Date "1995.??.??"]
[Round "8"]
[White "Dobrovolsky, Ladislav"]
[Black "Stajcic, Nikola"]
[Result "1-0"]
[WhiteElo "2380"]
[BlackElo "2350"]
[Annotator "Blatny,P"]
[PlyCount "91"]
[EventDate "1995.02.??"]
[EventType "team-tourn"]
[EventRounds "9"]
[EventCountry "HUN"]
[Source "ChessBase"]
[SourceDate "1995.07.01"]

1. e4 c6 2. c4 d5 3. cxd5 cxd5 4. exd5 Nf6 5. Bb5+ Nbd7 6. Nc3 g6 7. Nf3 Bg7 8.
d6 {Typical move. White gives his pawn back and keeps the advantage in the
development.} e6 {Black is losing time.} (8... exd6 $142) 9. d4 Qb6 {/\Qd6
with typical isolated pawn position.} 10. d5 $1 {/\->[+]} Qxd6 11. O-O (11.
dxe6 Qxe6+ $10) 11... O-O (11... Nxd5 $5) (11... exd5 12. Re1+ $36) 12. dxe6
Qxe6 13. Re1 Qb6 (13... Qg4 14. h3 Qb4 15. a3 Qc5 16. Be3 $16) 14. Be3 Qd8 15.
Bf4 (15. Rc1 a6) 15... a6 16. Bc4 b5 17. Nd5 $5 (17. Bb3 {/\Bd6,><f7} Nc5 (
17... Bb7 18. Bd6 Re8 (18... Bxf3 19. Qxf3 Re8 20. Nd5 {^^}) 19. Bxf7+ Kxf7 20.
Qb3+ Nd5 21. Rxe8 Qxe8 22. Nxd5 $18) 18. Bd6 Nxb3 19. Bxf8 Qxf8 20. Qxb3 $18
Be6 21. Rxe6 fxe6 22. Qxe6+ Kh8 23. Rd1 $18) 17... Nxd5 (17... bxc4 18. Bc7 $18
) 18. Bxd5 Ra7 19. Bd6 Bxb2 (19... Re8 20. Bxf7+ Kxf7 21. Qd5+ Kf6 22. Rxe8
Qxe8 23. Re1 {/\Qe6#}) 20. Rb1 Bf6 (20... Bc3 21. Re3 $16) 21. Bxf8 Nxf8 (21...
Qxf8 22. a4 {/\ב8}) 22. Qb3 Be6 (22... Kg7 23. Rbd1 {ףd8}) 23. Rbd1 Rd7 (
23... Bxd5 24. Rxd5 Qc7 25. Ne5 {קf7}) 24. Bxe6 Nxe6 25. Rxd7 Qxd7 26. Rd1 {
+/-/+- _|_} Qc6 27. Qd5 Qc2 (27... Qxd5 28. Rxd5 {קa6,b5}) 28. h4 {ב1} Nf4
29. Qd2 Qf5 30. g3 Ne6 31. Kg2 h5 32. Qd5 Qg4 33. Kh2 Kg7 34. Rd3 b4 35. Re3
Ba1 36. Ng5 Nxg5 37. hxg5 Qc8 38. Re7 Qf8 39. Ra7 Bc3 40. Rxa6 h4 41. gxh4 Qc8
42. Rc6 Qg4 43. Rc4 Qe2 44. Rf4 Be5 45. Qxf7+ Kh8 46. Qe8+ 1-0

[Event "Mitropa Cup 16th"]
[Site "Buekfuerdo"]
[Date "1995.??.??"]
[Round "8"]
[White "Ekstroem, Roland"]
[Black "Tatai, Stefano"]
[Result "1-0"]
[WhiteElo "2430"]
[BlackElo "2430"]
[Annotator "Blatny,P"]
[PlyCount "55"]
[EventDate "1995.02.??"]
[EventType "team-tourn"]
[EventRounds "9"]
[EventCountry "HUN"]
[Source "ChessBase"]
[SourceDate "1995.07.01"]

1. e4 e5 2. Nc3 Nf6 3. Nf3 Nc6 4. Bb5 Bb4 5. O-O O-O 6. d3 Bxc3 (6... d6 7. Bg5
Bxc3 8. bxc3 Qe7 9. Re1 Nd8 10. d4 Ne6 11. Bc1 Rd8 $10) 7. bxc3 d6 (7... d5 8.
exd5 Qxd5 9. c4 $1 Qd6 10. Bxc6 bxc6 11. Bb2 Re8 12. Qe1 $1 $16 {Korn-Friedman/
corr/1938/}) 8. Bg5 Ne7 (8... Qe7 {/\Nd8-e6}) (8... Bd7 9. d4 h6 10. Bh4 Re8
11. Re1 a6 12. Bd3 Bg4 $10 {Urzica-Karpov/Stockholm/1969/}) (8... h6 9. Bh4 Bg4
10. h3 Bxf3 11. Qxf3 g5 12. Bg3 Nh7 13. Rab1 Qf6 14. Qe3 $14) 9. Nh4 Nd7 (9...
c6 10. Bc4 d5 11. Bb3 Qd6 12. f4 dxe4 13. dxe4 Qc5+ 14. Kh1 Ng4 15. f5 $16) 10.
Bc4 Kh8 {/\f6 /^d8-h4} 11. d4 f6 12. Be3 exd4 (12... Nb6 13. Bb3 Qe8 $13) 13.
cxd4 d5 14. exd5 Nb6 15. Bb3 Nbxd5 16. Bd2 {/\c4} b5 {/\Be6} 17. Re1 g5 $5 18.
Nf3 a5 19. c4 (19. a4 b4 {/^a6-f1}) 19... bxc4 20. Bxc4 Bf5 21. Qb3 Qd6 (21...
a4 22. Qa3 {><c5} (22. Qb5 {<->5})) 22. Qb5 Rfd8 (22... Rfb8 $142) 23. h3 c6
24. Qc5 Qd7 (24... Qxc5 25. dxc5 {/\Nd4}) 25. Rac1 (25. Bxa5 $5) 25... Ng6 26.
Bxd5 cxd5 27. Qb6 Rf8 28. Rc7 (28. Rc7 Qd8 29. Qb7 Nf4 30. Bxf4 (30. Ree7 Ne6
31. Rcd7 Qb8 32. Qxd5 Qb1+ 33. Kh2 $18) 30... Rb8 (30... gxf4 31. Ree7 $18) 31.
Rxh7+ Bxh7 32. Bxb8 Qxb8 33. Qxd5 $18) 1-0

[Event "Mitropa Cup 16th"]
[Site "Buekfuerdo"]
[Date "1995.??.??"]
[Round "8"]
[White "Godena, Michele"]
[Black "Huss, Andreas"]
[Result "1/2-1/2"]
[WhiteElo "2430"]
[BlackElo "2415"]
[PlyCount "61"]
[EventDate "1995.02.??"]
[EventType "team-tourn"]
[EventRounds "9"]
[EventCountry "HUN"]
[Source "ChessBase"]
[SourceDate "1995.07.01"]

1. e4 e6 2. d4 d5 3. Nd2 c5 4. exd5 exd5 5. Ngf3 Nc6 6. Bb5 Bd6 7. dxc5 Bxc5 8.
O-O Nge7 9. Nb3 Bd6 10. Re1 O-O 11. h3 h6 12. Bd3 Bf5 13. Be3 Rc8 14. c3 a6 15.
Bc5 Bxd3 16. Qxd3 Bxc5 17. Nxc5 Qc7 18. Re2 Rfd8 19. Rae1 Ng6 20. g3 Qb6 21.
Nb3 Qc7 22. h4 Nge7 23. Nbd4 Qd6 24. Ne5 Nxd4 25. Qxd4 Nf5 26. Qf4 Qf6 27. Ng4
Qg6 28. Ne5 Qf6 29. Ng4 Qg6 30. Re5 Nxh4 31. Nxh6+ 1/2-1/2

[Event "Mitropa Cup 16th"]
[Site "Buekfuerdo"]
[Date "1995.??.??"]
[Round "8"]
[White "Grosar, Aljosa"]
[Black "Gyimesi, Zoltan"]
[Result "1/2-1/2"]
[WhiteElo "2475"]
[BlackElo "2500"]
[Annotator "Hecht"]
[PlyCount "145"]
[EventDate "1995.02.??"]
[EventType "team-tourn"]
[EventRounds "9"]
[EventCountry "HUN"]
[Source "ChessBase"]
[SourceDate "1995.07.01"]

1. e4 e5 2. Nf3 Nc6 3. Bc4 Bc5 4. c3 Nf6 5. d3 d6 6. O-O a6 7. Bb3 Ba7 8. Nbd2
O-O 9. h3 Be6 10. a4 Qd7 11. Nc4 h6 12. Be3 Rfe8 13. Re1 Bxe3 14. Rxe3 Rad8 15.
a5 g6 16. Ba4 Bxc4 17. dxc4 Qe6 18. Qf1 Rb8 19. b4 Nd7 20. Rd1 Kg7 21. Qd3 Red8
22. Nh2 Ne7 23. Re2 Nf6 24. Red2 Rf8 25. Nf1 Nh5 26. Ne3 Nf4 27. Qf1 h5 28. Kh2
h4 29. c5 dxc5 30. bxc5 Nc6 31. Rd7 Rbc8 32. Bxc6 Qxc6 33. Qc4 b5 34. axb6 cxb6
35. Qxa6 Qxc5 36. Qb7 Qxc3 37. Qxb6 Qc6 38. Qxc6 Rxc6 39. Ra1 Rb6 40. Raa7 Rb2
41. Ng4 Re2 42. Re7 Rxe4 43. Nxe5 Nd5 44. Rxf7+ Rxf7 45. Nxf7 Re7 46. Rxe7 Nxe7
47. Ng5 Kf6 48. Nf3 g5 49. g3 Ng6 50. gxh4 gxh4 51. Ne1 Ne5 52. Kg1 Kf5 53. Kf1
Ng6 54. Ng2 Ke4 55. Ke1 Kf3 56. Kf1 Ke4 57. Ke2 Nf4+ 58. Nxf4 Kxf4 59. Ke1 Ke4
60. Kf1 Kf3 61. Kg1 Ke4 62. Kg2 Kf4 63. Kg1 Ke4 64. Kf1 Kf3 65. Ke1 Ke4 $1 (
65... Kf4 $2 66. Ke2 Ke4 67. f3+ Kd4 68. Kd2 $18) 66. Ke2 Kf4 67. f3 Kg3 68.
Ke3 Kxh3 69. Kf2 Kh2 70. f4 h3 71. f5 Kh1 72. f6 h2 {Pattverteidigung} 73. f7
1/2-1/2

[Event "Mitropa Cup 16th"]
[Site "Buekfuerdo"]
[Date "1995.??.??"]
[Round "8"]
[White "Hoffmann, Michael"]
[Black "Timoscenko, Gennadij"]
[Result "1/2-1/2"]
[WhiteElo "2475"]
[BlackElo "2520"]
[PlyCount "61"]
[EventDate "1995.02.??"]
[EventType "team-tourn"]
[EventRounds "9"]
[EventCountry "HUN"]
[Source "ChessBase"]
[SourceDate "1995.07.01"]

1. Nf3 Nf6 2. c4 g6 3. Nc3 Bg7 4. e4 d6 5. d4 O-O 6. Be2 e5 7. d5 a5 8. Bg5 h6
9. Bh4 Na6 10. Nd2 Qe8 11. O-O Nh7 12. a3 Bd7 13. Kh1 h5 14. f3 Bh6 15. Rb1 a4
16. Nb5 Qb8 17. b4 axb3 18. Nxb3 b6 19. a4 Bxb5 20. cxb5 Nc5 21. Nxc5 dxc5 22.
Qb3 Kg7 23. Be1 f6 24. a5 Ng5 25. Bc3 Nf7 26. Ra1 Qd8 27. Ra4 Qd6 28. Rfa1 h4
29. axb6 Rxa4 30. Rxa4 cxb6 31. Ra7 1/2-1/2

[Event "Mitropa Cup 16th"]
[Site "Buekfuerdo"]
[Date "1995.??.??"]
[Round "8"]
[White "Kuijf, Marinus"]
[Black "Leventic, Ivan"]
[Result "1-0"]
[WhiteElo "2465"]
[BlackElo "2400"]
[Annotator "Hansen,Cu"]
[PlyCount "68"]
[EventDate "1995.02.??"]
[EventType "team-tourn"]
[EventRounds "9"]
[EventCountry "HUN"]
[Source "ChessBase"]
[SourceDate "1995.07.01"]

1. e4 {Bangiev} e5 2. Bc4 Nf6 3. d3 Nc6 4. Nc3 Bc5 5. f4 d6 6. Nf3 Bg4 7. Na4
Bb6 8. Nxb6 axb6 9. c3 (9. O-O Nd4 $2 10. fxe5 dxe5 11. Bxf7+ $18 {Mitkov,
N-Mikhalevski,V/WchJ-Mamaia/1991}) 9... O-O (9... exf4 10. Bxf4 Nh5 (10... Bxf3
11. Qxf3 Ne5 12. Bxe5 dxe5 13. O-O $14 {Schroeder,C-Seibt,F/BL/1982/}) 11. Be3
Ne5 12. O-O Nxc4 13. dxc4 Qe7 $15 {Zukertort,J-Anderssen,A/Leipzig/1877/}) (
9... Qe7 10. O-O exf4 11. Bxf4 Ne5 12. Bxe5 dxe5 13. Qe1 Nd7 14. Qg3 h5 15. h3
Be6 16. Bxe6 fxe6 17. Qg6+ Kd8 18. Ng5 {1-0 Pereira, Alv. - Oliveira, L./
Portuguese National  (11) 1994}) 10. O-O exf4 (10... d5 {Bangiev} 11. exd5 (11.
fxe5 $6 Nxe5 12. exd5 Nxd5 $15) 11... Nxd5 12. h3 Bxf3 13. Qxf3 Nxf4 14. Bxf4
exf4 15. Qxf4 Qd7 16. d4 $14) 11. Bxf4 Nh5 (11... Ne5 {Bangiev} 12. Bxe5 dxe5
13. h3 Bxf3 14. Qxf3 Qe7 15. Rf2 {/\ Raf1; g2-g4-g5 -> f7}) 12. Qd2 (12. Be3
Ne5 13. Nxe5 (13. Bb3 {Bangiev} Bxf3 (13... Re8 14. d4 Nxf3+ 15. gxf3 Bh3 16.
Re1 Qf6 17. Qd2 $5 $13) 14. gxf3 Qh4 {/\ Nf4} 15. d4 Ng6 16. Qe1 Qf6 {-> f4}
17. Kh1 Nhf4 $13) 13... Bxd1 14. Nxf7 Qe7 15. Nxd6+ Kh8 16. Nf7+ Kg8 $10 {
Mitkov,N-Sharif,M/French-chT/1993/}) 12... Nxf4 13. Qxf4 Bxf3 (13... Be6 14.
Bxe6 fxe6 15. Qg4 Rf6 16. d4 Qe7 17. Nh4 Raf8 18. Rxf6 Qxf6 {1/2-1/2 Torres,
L-Pergericht,D/Novi Sad olm (08) PRO-BEL 1990}) 14. Rxf3 Ne5 15. Rg3 Kh8 (15...
Nxc4 $2 16. Qh6 g6 17. Rh3 $18) 16. Bb3 $14 Ra5 17. Rf1 Qe7 (17... Ng6 {Bangiev
} 18. Qg4 f6 19. Rh3 (19. d4 Rg5 20. Qf3 Rxg3 21. Qxg3 Re8 22. Bc2 $36) 19...
Rg5 20. Qe2 (20. Rxh7+ Kxh7 21. Qh3+ Nh4 22. Qxh4+ Kg6 $13) 20... Qe7 21. d4
Re8 22. Bc2 $132) 18. d4 Ng6 19. Qe3 Rh5 20. Rgf3 f6 21. Rg3 Rh4 $6 {קe4 /
צh4} 22. Bc2 Re8 {/\d6-d5} 23. Rf5 Qe6 {><a2} (23... c6 {Bangiev} 24. Qf2 Rh6
25. Re3 $36) 24. a3 c6 (24... Qxf5 $2 25. exf5 Rxe3 26. Rxe3 Nf8 27. Re7 $18)
25. Qf2 {/\Rxg6} Rxe4 (25... Rh6 $16 {צh6}) (25... Qa2 26. h3 (26. Rxg6 $2
Qa1+ $17 (26... Qa1+ 27. Qf1 Qxf1+ 28. Rxf1 hxg6 $17)) 26... Rh6 (26... Qa1+ {
Bangiev} 27. Kh2 Rh6 $13) 27. Bd3 $16) (25... Rh6 $5 {Bangiev} 26. Re3 Nh4 27.
Rf4 g5 $5 28. Rh3 Nxg2 $5 29. Rxh6 Nxf4 30. e5 dxe5 (30... Nh3+ 31. Rxh3 Qxh3
32. Qxf6+ Kg8 33. Qxg5+ Kh8 34. Bf5 $16) 31. Rxh7+ Kg8 32. dxe5 f5 $5 {/\ Kh7;
/\ Nh3} 33. Rh4 $5 gxh4 34. Qxf4 Qxe5 $17) 26. Bxe4 Qxe4 {/\Qb1+} 27. Qf1 $16
d5 (27... Qe2 $5 {Bangiev} 28. Rf2 Qxf1+ 29. Kxf1 d5 30. h3 $16) 28. Rff3 Qe1
29. h3 Kg8 30. Qxe1 Rxe1+ 31. Kh2 Re4 $2 (31... Re2 $16) (31... Re2 $6 {Bangiev
} 32. Re3 Rxb2 33. Re8+ Kf7 34. Rb8 Rb3 35. Rxb7+ Kf8 36. a4 $16) 32. Rf2 b5
33. Rd3 Kf7 34. Rdd2 Ne7 {(.)?} 1-0